[Event "Corus"]
[Site "Wijk aan Zee NED"]
[Date "2001.01.13"]
[Round "1"]
[White "Shirov, Alexei"]
[Black "Topalov, Veselin"]
[Result "1-0"]
[WhiteElo "2718"]
[BlackElo "2718"]
[EventDate "2001.01.13"]

1.e4 c5 2.Cf3 d6 3.d4 cxd4 4.Cxd4 Cf6 5.Cc3 a6 6.Fe3 e6 7.g4 e5 8.Cf5 g6 
9.g5 gxf5 10.exf5 d5 11.Df3 d4 12.O-O-O Cbd7 13.Fd2 Dc7 14.gxf6 dxc3 15.
Fxc3 Dc6 16.Dg3 Fh6+ 17.Rb1 Ff4 18.Dd3 Tg8 19.Fh3 Rd8 20.Fb4 Dxf6 21.Dc4 
Tg5 22.Td6 Dg7 23.f6 Tg1+ 24.Ff1 1-0

[Event "Corus"]
[Site "Wijk aan Zee NED"]
[Date "2001.01.14"]
[Round "2"]
[White "Topalov, Veselin"]
[Black "Piket, Jeroen"]
[Result "1-0"]
[WhiteElo "2718"]
[BlackElo "2632"]
[EventDate "2001.01.13"]

1.d4 Cf6 2.c4 e6 3.Cf3 b6 4.g3 Fa6 5.b3 Fb7 6.Fg2 Fb4+ 7.Fd2 a5 8.O-O O-O 
9.Dc2 d6 10.Fc3 d5 11.a3 Fd6 12.Fb2 Cbd7 13.Cc3 Te8 14.Tfd1 Db8 15.Cb5 a4 
16.bxa4 dxc4 17.Cd2 Fxg2 18.Rxg2 Db7+ 19.f3 Tec8 20.Cxc4 Ff8 21.Tac1 Da6 
22.e4 c6 23.Ccd6 cxb5 24.Cxc8 b4 25.Dc4 bxa3 26.Dxa6 Txa6 27.Fa1 Txa4 28.
d5 Fc5 29.dxe6 fxe6 30.Cd6 h5 31.Cb7 Ta7 32.Cd8 Cf8 33.Cc6 Tb7 34.Td3 C6d7
35.Tb3 Tc7 36.Cb4 Ta7 37.Cc2 e5 38.Fc3 Ce6 39.Ta1 Cd4 40.Fxd4 exd4 41.Cxa3
Ce5 42.f4 Cc4 43.Cc2 Td7 44.Td1 Ta7 45.Rh3 Cd6 46.e5 Ce4 47.Txd4 Cf2+ 48.
Rg2 Fxd4 49.Cxd4 Ta2 50.Rf3 Cg4 51.h3 Ch2+ 52.Re4 Cf1 53.Rf5 Tg2 54.g4 
hxg4 55.hxg4 g6+ 56.Rxg6 Txg4+ 57.Rf5 Tg7 58.e6 1-0

[Event "Corus"]
[Site "Wijk aan Zee NED"]
[Date "2001.01.16"]
[Round "3"]
[White "Timman, Jan H"]
[Black "Topalov, Veselin"]
[Result "1-0"]
[WhiteElo "2629"]
[BlackElo "2718"]
[EventDate "2001.01.13"]

1.d4 Cf6 2.Cf3 c5 3.d5 b5 4.Fg5 Ce4 5.Fh4 Fb7 6.e3 g6 7.c3 Da5 8.Cbd2 Cxd2
9.Dxd2 Fg7 10.e4 d6 11.Fd3 Cd7 12.O-O a6 13.Tfc1 Tc8 14.h3 Db6 15.Ff1 Cf6 
16.Te1 O-O 17.a4 Tfe8 18.a5 Dc7 19.c4 b4 20.e5 dxe5 21.Cxe5 Ch5 22.Cg4 Fd4
23.Tad1 e6 24.Te4 f5 25.Ch6+ Rg7 26.Txe6 Txe6 27.dxe6 Cf4 28.Te1 Rxh6 29.
Fg3 g5 30.h4 Te8 31.e7 Fe4 32.hxg5+ Rxg5 33.Rh1 Txe7 34.f3 Te6 35.Fh2 Th6 
36.fxe4 Rg6 37.g3 Ch5 38.exf5+ 1-0

[Event "Corus"]
[Site "Wijk aan Zee NED"]
[Date "2001.01.17"]
[Round "4"]
[White "Topalov, Veselin"]
[Black "Van Wely, Loek"]
[Result "1/2-1/2"]
[WhiteElo "2718"]
[BlackElo "2700"]
[EventDate "2001.01.13"]

1.Cf3 d5 2.d4 Cf6 3.c4 e6 4.Cc3 dxc4 5.e4 Fb4 6.Fg5 c5 7.Fxc4 cxd4 8.Cxd4 
Fxc3+ 9.bxc3 Da5 10.Fb5+ Cbd7 11.Fxf6 Dxc3+ 12.Rf1 gxf6 13.h4 a6 14.Th3 
Da5 15.Fe2 Cc5 16.Cb3 Cxb3 17.Dxb3 b6 18.Td1 Fb7 19.Db2 De5 20.Dxb6 Fxe4 
21.Tg3 f5 22.Rg1 h6 23.Db4 f4 24.Tg4 Tb8 25.Da3 a5 26.Ff3 Tb4 27.Dc1 Re7 
28.Txf4 Fxf3 29.Txf3 Txh4 30.g3 Te4 31.Tc3 Tg8 32.Tc7+ Rf6 33.Dxh6+ Tg6 
34.Dh8+ Tg7 35.Tcc1 Rg6 36.Rg2 Th7 37.Dg8+ Tg7 38.Dd8 Te2 39.Tc4 f5 40.Th4
Db2 41.Rg1 Dc3 42.a4 Df3 43.Tf4 Dc6 44.Dd3 Th7 45.Tg4+ Rf7 46.Dd7+ Dxd7 
47.Txd7+ Rf6 48.Txh7 fxg4 49.Ta7 1/2-1/2

[Event "Corus"]
[Site "Wijk aan Zee NED"]
[Date "2001.01.18"]
[Round "5"]
[White "Adams, Michael"]
[Black "Topalov, Veselin"]
[Result "1/2-1/2"]
[WhiteElo "2746"]
[BlackElo "2718"]
[EventDate "2001.01.13"]

1.e4 c5 2.Cf3 d6 3.Fb5+ Cc6 4.O-O Fd7 5.Te1 Cf6 6.h3 Ce5 7.a4 Cxf3+ 8.Dxf3
a6 9.Fxd7+ Cxd7 10.b3 g6 11.Fb2 e5 12.Dd3 Fe7 13.Cc3 O-O 14.a5 Cf6 15.Tf1 
Tc8 16.Cd5 Cxd5 17.Dxd5 Dc7 18.f4 Ff6 19.d3 Rg7 20.Dc4 Dd8 21.f5 Fg5 22.
Tf3 Fd2 23.Fc3 1/2-1/2

[Event "Corus"]
[Site "Wijk aan Zee NED"]
[Date "2001.01.20"]
[Round "6"]
[White "Topalov, Veselin"]
[Black "Tiviakov, Sergei"]
[Result "1/2-1/2"]
[WhiteElo "2718"]
[BlackElo "2597"]
[EventDate "2001.01.13"]

1.Cf3 Cf6 2.c4 b6 3.g3 Fb7 4.Fg2 e6 5.O-O Fe7 6.Cc3 O-O 7.Te1 Ce4 8.Cxe4 
Fxe4 9.d3 Fb7 10.d4 Fe4 11.Ch4 Fxg2 12.Cxg2 d5 13.cxd5 Dxd5 14.e4 Dd7 15.
Cf4 Td8 16.Fe3 Cc6 17.Ce2 Ff6 18.e5 Fe7 19.a3 Ff8 20.Dc2 Ce7 21.Fg5 Tdc8 
22.Fxe7 Fxe7 23.Tad1 c5 24.Db3 cxd4 25.Txd4 Dc7 26.Cf4 1/2-1/2

[Event "Corus"]
[Site "Wijk aan Zee NED"]
[Date "2001.01.21"]
[Round "7"]
[White "Kasparov, Garry"]
[Black "Topalov, Veselin"]
[Result "1-0"]
[WhiteElo "2849"]
[BlackElo "2718"]
[EventDate "2001.01.13"]

1.e4 c5 2.Cf3 d6 3.d4 cxd4 4.Cxd4 Cf6 5.Cc3 a6 6.Fe3 e6 7.f3 b5 8.g4 h6 9.
Dd2 Cbd7 10.O-O-O Fb7 11.h4 b4 12.Ca4 Da5 13.b3 Cc5 14.a3 Cxa4 15.axb4 Dc7
16.bxa4 d5 17.e5 Cd7 18.f4 Cb6 19.Th3 Cc4 20.Dc3 Tc8 21.Fd2 Fe7 22.Fe1 Tb8
23.f5 Fc8 24.Fxc4 dxc4 25.Df3 Fd7 26.fxe6 fxe6 27.g5 hxg5 28.hxg5 Txh3 29.
Dxh3 Dxe5 30.Dh5+ Rf8 31.Cf3 De3+ 32.Rb2 Fe8 33.Dh8+ Rf7 34.Fc3 1-0

[Event "Corus"]
[Site "Wijk aan Zee NED"]
[Date "2001.01.22"]
[Round "8"]
[White "Topalov, Veselin"]
[Black "Anand, Viswanathan"]
[Result "1/2-1/2"]
[WhiteElo "2718"]
[BlackElo "2790"]
[EventDate "2001.01.13"]

1.e4 e5 2.Cf3 Cc6 3.Fb5 a6 4.Fa4 Cf6 5.O-O Fc5 6.c3 b5 7.Fc2 d5 8.d4 dxe4 
9.Cbd2 exf3 10.Dxf3 Fe7 11.Dxc6+ Fd7 12.Df3 exd4 13.cxd4 O-O 14.Ce4 Fe6 
15.Cxf6+ Fxf6 16.Fe4 Fxd4 17.Td1 c5 18.Fxa8 Dxa8 19.Fe3 Dxf3 20.gxf3 Fxb2 
21.Fxc5 Tc8 22.Tab1 h6 23.Fb4 Fe5 24.a3 Tc6 25.Tbc1 Fc4 26.Td8+ Rh7 27.Te1
Fc7 28.Td7 Fe6 29.Td3 Ff5 30.Td5 Fh3 31.Rh1 Tf6 32.Td3 Fe6 33.Fc3 Tf5 34.
Txe6 1/2-1/2

[Event "Corus"]
[Site "Wijk aan Zee NED"]
[Date "2001.01.23"]
[Round "9"]
[White "Ivanchuk, Vassily"]
[Black "Topalov, Veselin"]
[Result "1/2-1/2"]
[WhiteElo "2717"]
[BlackElo "2718"]
[EventDate "2001.01.13"]

1.d4 Cf6 2.c4 e6 3.Cc3 Fb4 4.Fg5 c5 5.d5 d6 6.e3 h6 7.Fh4 Fxc3+ 8.bxc3 e5 
9.Fd3 e4 10.Fc2 Cbd7 11.f4 Cb6 12.De2 Fg4 13.Df1 g5 14.fxg5 Ch5 15.a4 hxg5
16.Ff2 Cf6 17.Fg3 De7 18.h3 Fh5 19.a5 Cbd7 20.Ce2 Fg6 21.Fh2 Ce5 22.Fa4+ 
Rd8 23.Fxe5 Dxe5 24.Rd2 Rc7 25.Df2 De7 26.Taf1 Cd7 27.Fxd7 Dxd7 28.Df6 
Tae8 29.Ta1 De7 30.Thf1 Rd7 31.Cg3 Dxf6 32.Txf6 Re7 33.Tf2 f6 34.Re1 Th7 
35.Tb1 Tb8 36.Tfb2 1/2-1/2

[Event "Corus"]
[Site "Wijk aan Zee NED"]
[Date "2001.01.25"]
[Round "10"]
[White "Topalov, Veselin"]
[Black "Kramnik, Vladimir"]
[Result "1/2-1/2"]
[WhiteElo "2718"]
[BlackElo "2772"]
[EventDate "2001.01.13"]

1.d4 Cf6 2.c4 e6 3.Cf3 d5 4.Cc3 Fe7 5.Ff4 O-O 6.e3 c5 7.dxc5 Fxc5 8.a3 Cc6
9.Dc2 Da5 10.Cd2 Fb4 11.cxd5 Cxd5 12.Cxd5 exd5 13.Fd3 g6 14.Tc1 Fe7 15.O-O
Ff6 16.Cb3 Db6 17.Cc5 Dxb2 18.Da4 Db6 19.Fd6 Fe7 20.Fxe7 Cxe7 21.Cd7 Fxd7 
22.Dxd7 Db3 23.Dxe7 Dxd3 24.Tfd1 Db3 25.Tb1 Da4 26.Txd5 1/2-1/2

[Event "Corus"]
[Site "Wijk aan Zee NED"]
[Date "2001.01.26"]
[Round "11"]
[White "Morozevich, Alexander"]
[Black "Topalov, Veselin"]
[Result "1/2-1/2"]
[WhiteElo "2745"]
[BlackElo "2718"]
[EventDate "2001.01.13"]

1.e4 c5 2.Cf3 Cc6 3.d4 cxd4 4.Cxd4 g6 5.c4 Cf6 6.Cc3 d6 7.Fe2 Cxd4 8.Dxd4 
Fg7 9.O-O O-O 10.De3 Fe6 11.Fd2 Db6 12.Dxb6 axb6 13.a4 Cd7 14.Ta3 Cc5 15.
Tfa1 Fxc3 16.Fxc3 Cxe4 17.Fd4 Tfc8 18.Te3 Fxc4 19.Txe4 Fxe2 20.Fc3 Fb5 21.
Txe7 Fxa4 22.Txb7 Fc6 23.Tba7 Txa7 24.Txa7 g5 25.f3 h6 26.Rf2 b5 1/2-1/2

[Event "Corus"]
[Site "Wijk aan Zee NED"]
[Date "2001.01.27"]
[Round "12"]
[White "Fedorov, Alexei"]
[Black "Topalov, Veselin"]
[Result "1/2-1/2"]
[WhiteElo "2575"]
[BlackElo "2718"]
[EventDate "2001.01.13"]

1.e4 c5 2.Cf3 Cc6 3.Cc3 g6 4.d4 cxd4 5.Cxd4 Fg7 6.Fe3 Cf6 7.Fe2 O-O 8.Cb3 
d6 9.f4 b6 10.O-O Fb7 11.Dd2 Dc8 12.Rh1 Fa6 13.Tad1 Fxe2 14.Dxe2 Dg4 15.
De1 Tac8 16.h3 De6 17.Fg1 Tfe8 18.a3 Cd7 19.Cd4 Cxd4 20.Fxd4 Fxd4 21.Txd4 
Tc5 22.Tf2 Tec8 23.Tdd2 Tc4 24.Tfe2 T4c5 25.Cd5 Cf6 26.c3 Tc4 27.b3 T4c5 
28.a4 b5 29.axb5 Txb5 30.b4 a5 31.bxa5 Txa5 32.Rh2 Tac5 33.Td4 Rg7 34.Te3 
Cxd5 35.exd5 Df6 36.Txe7 Txc3 37.De6 T3c7 38.Dxf6+ Rxf6 39.Txc7 Txc7 40.g4
Tc2+ 41.Rg3 Tc3+ 42.Rg2 h5 43.Td2 h4 44.Td4 Ta3 45.Rh2 Tg3 46.Td2 Tf3 47.
Td4 g5 48.fxg5+ Rxg5 49.Rg2 Tf4 50.Td2 f5 51.gxf5 Rxf5 52.Te2 Te4 53.Ta2 
Re5 54.Rf3 Tf4+ 55.Re3 Tb4 56.Rf3 Rxd5 57.Ta8 Rd4 58.Th8 Rd3 59.Td8 Td4 
60.Td7 d5 61.Td8 Rc3 62.Td7 Rc4 63.Tc7+ Rb5 64.Re3 Tc4 65.Th7 Rc6 66.Rd3 
Ta4 67.Th8 Rc5 68.Tc8+ Rd6 69.Th8 Tb4 70.Th7 Tb3+ 71.Rd4 Re6 72.Th6+ Rf5 
73.Th5+ Rg6 74.Txd5 Txh3 75.Re4 1/2-1/2

[Event "Corus"]
[Site "Wijk aan Zee NED"]
[Date "2001.01.28"]
[Round "13"]
[White "Topalov, Veselin"]
[Black "Leko, Peter"]
[Result "1/2-1/2"]
[WhiteElo "2718"]
[BlackElo "2745"]
[EventDate "2001.01.13"]

1.d4 Cf6 2.c4 g6 3.Cc3 d5 4.Cf3 Fg7 5.Db3 dxc4 6.Dxc4 O-O 7.e4 a6 8.e5 b5 
9.Db3 Cfd7 10.h4 Cb6 11.h5 c5 12.hxg6 hxg6 13.dxc5 Fe6 14.Dc2 Ff5 15.Db3 
Fe6 16.Da3 Cc4 17.Fxc4 Fxc4 18.Fh6 Fxh6 19.Td1 Dc7 20.Txh6 Cc6 21.Cd5 Fxd5
22.Txd5 Tfd8 23.Cg5 Txd5 24.Th8+ Rg7 25.Th7+ Rg8 26.Th8+ 1/2-1/2

[Event "Amber Rapidplay"]
[Site "Monaco MNC"]
[Date "2001.03.17"]
[Round "1"]
[White "Almasi, Zoltan"]
[Black "Topalov, Veselin"]
[Result "0-1"]
[WhiteElo "2640"]
[BlackElo "2718"]
[EventDate "2001.03.17"]

1.e4 c5 2.Cf3 Cc6 3.d4 cxd4 4.Cxd4 Cf6 5.Cc3 e5 6.Cdb5 d6 7.Fg5 a6 8.Ca3 
b5 9.Cd5 Fe7 10.Fxf6 Fxf6 11.c3 Fg5 12.Cc2 O-O 13.Fe2 Ce7 14.Ccb4 a5 15.
Cxe7+ Dxe7 16.Cd5 Db7 17.Dd3 Tb8 18.O-O Fe6 19.Tfd1 Tfc8 20.a3 h6 21.g3 
Fd8 22.Td2 Da7 23.Rg2 Tc5 24.Ce3 Fg5 25.h4 Fxe3 26.Dxe3 Dc7 27.Tad1 Tc6 
28.Rh2 Fb3 29.Tg1 Fc4 30.Tgd1 Fxe2 31.Dxe2 b4 32.axb4 axb4 33.Td3 bxc3 34.
bxc3 Tb3 35.Dd2 Db6 36.Rg2 Tb2 37.De3 Dxe3 38.Txe3 Rf8 39.Ted3 Re7 40.Te3 
Tc2 41.Tdd3 h5 42.Rf3 g6 43.Rg2 Re6 44.Rf1 Tc4 45.Re1 f5 46.f3 Tg2 47.
exf5+ gxf5 48.f4 e4 49.Td2 Tg1+ 50.Rf2 Tc1 51.Ta2 T4xc3 52.Txc3 Txc3 53.
Ta8 d5 54.Te8+ Rd6 55.Te5 d4 56.Txf5 Tc2+ 57.Re1 e3 58.Te5 Tg2 59.Rf1 Txg3
60.Re2 Tg2+ 61.Rf3 Td2 62.Te8 Rd5 63.Te5+ Rc4 64.f5 Tf2+ 65.Rg3 Rd3 0-1

[Event "Amber Rapidplay"]
[Site "Monaco MNC"]
[Date "2001.03.18"]
[Round "2"]
[White "Topalov, Veselin"]
[Black "Shirov, Alexei"]
[Result "1-0"]
[WhiteElo "2718"]
[BlackElo "2718"]
[EventDate "2001.03.17"]

1.e4 e5 2.Cf3 Cc6 3.Fb5 a6 4.Fa4 Cf6 5.O-O Fc5 6.c3 b5 7.Fc2 d5 8.d4 dxe4 
9.dxe5 Dxd1 10.Txd1 Fxf2+ 11.Rf1 exf3 12.exf6 Fh4 13.fxg7 fxg2+ 14.Rxg2 
Tg8 15.Fh6 Fg5 16.Te1+ Fe6 17.Fxg5 Txg7 18.h4 h6 19.Fe4 Rd7 20.Td1+ 1-0

[Event "Amber Rapidplay"]
[Site "Monaco MNC"]
[Date "2001.03.19"]
[Round "3"]
[White "Kramnik, Vladimir"]
[Black "Topalov, Veselin"]
[Result "1/2-1/2"]
[WhiteElo "2772"]
[BlackElo "2718"]
[EventDate "2001.03.17"]

1.d4 Cf6 2.c4 e6 3.Cc3 c5 4.d5 exd5 5.cxd5 d6 6.Cf3 g6 7.Cd2 Fg7 8.e4 O-O 
9.Fe2 Te8 10.O-O Ca6 11.f3 Cc7 12.a4 Cd7 13.Rh1 b6 14.Cc4 Ce5 15.Ce3 f5 
16.f4 Cf7 17.exf5 gxf5 18.Fd3 Ch6 19.Dc2 Df6 20.Fd2 Fd7 21.Tf3 Rh8 22.Taf1
Te7 23.Th3 Df7 24.Cc4 Dg6 25.Tg3 Cg4 26.h3 h5 27.Ce3 Cxe3 28.Txg6 Cxc2 29.
Fxc2 Ce8 30.Tg5 Cf6 31.Fxf5 Fxf5 32.Txf5 Tae8 33.Rh2 Rh7 34.Rg3 a6 35.Rh4 
Rg6 36.g4 hxg4 37.hxg4 b5 38.axb5 axb5 39.Tg5+ Rf7 40.Cxb5 Th8+ 41.Th5 
Cxh5 42.Cxd6+ Rf8 43.gxh5 Ff6+ 44.Rg4 Tg7+ 45.Rf5 Fxb2 46.Th1 Td7 47.Re6 
Te7+ 48.Rf5 Td7 49.Fe3 Fd4 50.Fxd4 cxd4 51.Re5 d3 52.Cf5 d2 53.h6 Rf7 54.
Td1 Te8+ 55.Rd4 Te2 56.h7 Td8 57.Cg3 Tf2 58.Ce4 Txf4 59.Txd2 Th4 60.Tf2+ 
1/2-1/2

[Event "Amber Blindfold"]
[Site "Monaco MNC"]
[Date "2001.03.17"]
[Round "1"]
[White "Topalov, Veselin"]
[Black "Almasi, Zoltan"]
[Result "1-0"]
[WhiteElo "2718"]
[BlackElo "2640"]
[EventDate "2001.03.17"]

1.e4 e5 2.Cf3 Cc6 3.Fb5 a6 4.Fa4 Cf6 5.O-O Fe7 6.Te1 b5 7.Fb3 d6 8.c3 O-O 
9.h3 Fb7 10.d4 Te8 11.Cbd2 Ff8 12.a4 h6 13.Fc2 exd4 14.cxd4 Cb4 15.Fb1 c5 
16.d5 Cd7 17.Ta3 f5 18.Ch2 Cf6 19.Tg3 Rh8 20.b3 fxe4 21.Cxe4 Fxd5 22.Cxf6 
Dxf6 23.Fd2 Txe1+ 24.Fxe1 De6 25.Te3 Dg8 26.Cg4 Cc6 27.Tg3 De6 28.Fc3 Fe4 
29.Fxe4 Dxe4 30.Cxh6 Cd4 31.Fxd4 cxd4 32.Cf7+ Rg8 33.Dh5 Tc8 34.Tf3 Dh7 
35.Dd5 Db1+ 36.Rh2 1-0

[Event "Amber Blindfold"]
[Site "Monaco MNC"]
[Date "2001.03.18"]
[Round "2"]
[White "Shirov, Alexei"]
[Black "Topalov, Veselin"]
[Result "1/2-1/2"]
[WhiteElo "2718"]
[BlackElo "2718"]
[EventDate "2001.03.17"]

1.e4 c5 2.Cf3 Cc6 3.d4 cxd4 4.Cxd4 g6 5.Cc3 Fg7 6.Fe3 Cf6 7.Fc4 O-O 8.Fb3 
d6 9.f3 Fd7 10.h4 h5 11.De2 Ca5 12.O-O-O Tc8 13.g4 Cxb3+ 14.axb3 hxg4 15.
h5 gxf3 16.Cxf3 Txc3 17.bxc3 Da5 18.Fd4 e5 19.Ff2 Da1+ 20.Rd2 Fh6+ 21.Rd3 
Da6+ 22.c4 Cxe4 23.hxg6 Cxf2+ 24.Dxf2 e4+ 25.Rxe4 Fg7 26.Dh2 d5+ 27.Txd5 
Dxg6+ 28.Re3 Te8+ 29.Rd2 Df6 30.Txd7 Dc3+ 31.Rc1 Da1+ 32.Rd2 Dc3+ 33.Rc1 
1/2-1/2

[Event "Amber Blindfold"]
[Site "Monaco MNC"]
[Date "2001.03.19"]
[Round "3"]
[White "Topalov, Veselin"]
[Black "Kramnik, Vladimir"]
[Result "1-0"]
[WhiteElo "2718"]
[BlackElo "2772"]
[EventDate "2001.03.17"]

1.d4 Cf6 2.c4 e6 3.Cf3 d5 4.Cc3 Fe7 5.Ff4 O-O 6.e3 c5 7.dxc5 Fxc5 8.a3 Cc6
9.Dc2 Da5 10.Cd2 Fb4 11.cxd5 exd5 12.Fd3 d4 13.O-O Fxc3 14.Cc4 Dh5 15.bxc3
Cd5 16.Fg3 dxe3 17.Tae1 Fe6 18.fxe3 Tad8 19.Cd6 Ce5 20.Fxh7+ Dxh7 21.Dxh7+
Rxh7 22.Fxe5 f6 23.e4 Cb6 24.Fg3 Ca4 25.e5 f5 26.Fh4 Td7 27.Te3 f4 28.Tef3
Fd5 29.Th3 Fe6 30.Fe7+ Fxh3 31.Fxf8 Fe6 32.Ce4 Rg8 33.Cg5 Rxf8 34.Cxe6+ 
Re7 35.Cxf4 Td2 36.Tf3 Cc5 37.h4 Ce6 38.Rh2 Ta2 39.Cxe6 Rxe6 40.Tg3 Rf7 
41.e6+ Rxe6 42.Txg7 Txa3 43.Txb7 Rf5 44.Tb5+ Rg4 45.Tb4+ Rh5 46.g3 Ta1 47.
Rh3 a5 48.g4+ Rh6 49.Tb6+ Rg7 50.h5 a4 51.Ta6 a3 52.Rh4 a2 53.Rg5 Rh7 54.
Ta7+ Rg8 55.Rg6 Rf8 56.g5 1-0

[Event "Amber Rapidplay"]
[Site "Monaco MNC"]
[Date "2001.03.20"]
[Round "4"]
[White "Topalov, Veselin"]
[Black "Piket, Jeroen"]
[Result "0-1"]
[WhiteElo "2718"]
[BlackElo "2632"]
[EventDate "2001.03.17"]

1.e4 e5 2.Cf3 Cf6 3.Cxe5 d6 4.Cf3 Cxe4 5.d4 d5 6.Fd3 Fd6 7.O-O O-O 8.c4 c6
9.Dc2 Ca6 10.a3 Te8 11.Cc3 Fg4 12.c5 Fc7 13.Cxe4 dxe4 14.Fxe4 Fxf3 15.Fxf3
Dxd4 16.Fe3 Txe3 17.fxe3 Dxe3+ 18.Df2 Dxf2+ 19.Txf2 Cxc5 20.Td1 a5 21.g3 
Td8 22.Txd8+ Fxd8 23.Rf1 a4 24.Tc2 Fb6 25.Fd1 Rf8 26.Tc4 Fa7 27.Th4 Fb8 
28.Txh7 Fe5 29.Th8+ Re7 30.Ta8 b5 31.Ff3 Rd7 32.Ta7+ Rd6 33.Ta8 Rc7 34.
Ta7+ Rb6 35.Ta8 Cb7 36.Fd1 Fxb2 37.Fxa4 bxa4 38.Txa4 c5 39.Re2 Cd6 40.h4 
f5 41.Ta8 Fe5 42.Rf3 c4 0-1

[Event "Amber Rapidplay"]
[Site "Monaco MNC"]
[Date "2001.03.22"]
[Round "5"]
[White "Van Wely, Loek"]
[Black "Topalov, Veselin"]
[Result "1/2-1/2"]
[WhiteElo "2700"]
[BlackElo "2718"]
[EventDate "2001.03.17"]

1.d4 Cf6 2.c4 e6 3.Cf3 d5 4.Cc3 Fe7 5.Ff4 O-O 6.e3 c5 7.dxc5 Fxc5 8.cxd5 
Cxd5 9.Cxd5 exd5 10.a3 Cc6 11.Fd3 Fb6 12.O-O Fg4 13.h3 Fh5 14.b4 Te8 15.
Fe2 Fg6 16.Ta2 h6 17.Td2 Fe4 18.Da1 De7 19.Tfd1 Tac8 20.Ce1 g5 21.Fg3 Ce5 
22.Fb5 Cc6 23.Fa4 a5 24.Fb3 axb4 25.Fxd5 Fxd5 26.Txd5 bxa3 27.Td7 De4 28.
Dxa3 Tcd8 29.Db3 De6 30.Dxe6 Txe6 31.Cf3 Txd7 32.Txd7 Te7 33.Td5 Fc7 34.
Fxc7 Txc7 35.g4 f6 36.Cd2 Rf7 37.Ce4 Ce7 38.Tb5 Cc8 39.Rg2 b6 40.Rf3 Tc6 
41.Td5 Re7 42.h4 Cd6 43.hxg5 hxg5 44.Cxd6 Txd6 45.Tb5 1/2-1/2

[Event "Amber Rapidplay"]
[Site "Monaco MNC"]
[Date "2001.03.23"]
[Round "6"]
[White "Topalov, Veselin"]
[Black "Gelfand, Boris"]
[Result "1/2-1/2"]
[WhiteElo "2718"]
[BlackElo "2712"]
[EventDate "2001.03.17"]

1.Cf3 Cf6 2.c4 b6 3.g3 c5 4.Fg2 Fb7 5.O-O g6 6.d4 cxd4 7.Dxd4 Fg7 8.Cc3 d6
9.Fe3 Cbd7 10.Tac1 a6 11.Tfd1 Tb8 12.b3 O-O 13.Dh4 Te8 14.Fh6 Fh8 15.Fh3 
b5 16.cxb5 axb5 17.Db4 Fxf3 18.exf3 Ce5 19.Fg2 Cc6 20.Dh4 Da5 21.Fd2 Da6 
22.Ff1 Ce5 23.Df4 Da8 24.Fe2 Tec8 25.Rg2 Fg7 26.De3 Tc5 27.Rg1 Tbc8 28.h3 
b4 29.Ca4 Txc1 30.Txc1 Txc1+ 31.Fxc1 Cd5 32.Dd2 Dc8 33.Fb2 e6 34.f4 Cd7 
35.Fxg7 Rxg7 36.Ff3 C7f6 37.Rg2 Dc7 38.g4 Cc3 39.Dd4 e5 40.fxe5 dxe5 41.
Dxb4 Cfd5 42.Fxd5 Cxd5 43.Dc5 Db7 44.Rg3 f6 45.f3 h5 46.Dd6 Cf4 47.Cc5 h4+
48.Rxh4 Dxf3 49.De7+ Rh6 50.g5+ fxg5+ 51.Dxg5+ Rh7 52.De7+ Rh6 53.Df8+ Rh7
54.De7+ Rh6 55.Dg5+ Rh7 1/2-1/2

[Event "Amber Rapidplay"]
[Site "Monaco MNC"]
[Date "2001.03.24"]
[Round "7"]
[White "Ivanchuk, Vassily"]
[Black "Topalov, Veselin"]
[Result "1/2-1/2"]
[WhiteElo "2717"]
[BlackElo "2718"]
[EventDate "2001.03.17"]

1.d4 Cf6 2.c4 e6 3.Cc3 Fb4 4.Dc2 d5 5.a3 Fxc3+ 6.Dxc3 Ce4 7.Dc2 c5 8.dxc5 
Cc6 9.cxd5 exd5 10.Cf3 O-O 11.b4 Ff5 12.Fb2 Te8 13.Td1 b6 14.e3 bxc5 15.
Fb5 Db6 16.Da4 Tac8 17.Txd5 Fe6 18.Fxc6 Dxc6 19.Dxc6 Txc6 20.Te5 Fd7 21.
bxc5 Txc5 22.Txc5 Cxc5 23.O-O Cd3 24.Fd4 a6 25.Tb1 f6 26.Fa7 Fb5 27.Cd4 
Tc8 28.g4 Tc3 29.Ta1 Fd7 30.h3 h5 31.gxh5 Fxh3 32.Rh2 Fd7 33.Rg3 Fe8 34.h6
gxh6 35.Cf5 Fd7 36.Ce7+ Rf7 37.Cd5 Tc2 38.f3 Fc6 1/2-1/2

[Event "Amber Rapidplay"]
[Site "Monaco MNC"]
[Date "2001.03.25"]
[Round "8"]
[White "Topalov, Veselin"]
[Black "Karpov, Anatoly"]
[Result "1-0"]
[WhiteElo "2718"]
[BlackElo "2679"]
[EventDate "2001.03.17"]

1.d4 Cf6 2.c4 e6 3.Cf3 b6 4.g3 Fa6 5.b3 Fb4+ 6.Fd2 Fe7 7.Cc3 O-O 8.Dc2 d5 
9.cxd5 Cxd5 10.Fg2 c5 11.O-O Cd7 12.Tfd1 Tc8 13.Db2 Fb7 14.e4 C5f6 15.d5 
exd5 16.exd5 Fd6 17.Fh3 h6 18.Cb5 Fb8 19.Fc3 a6 20.Ca3 b5 21.Cc2 Te8 22.
Ce3 b4 23.Fxf6 Cxf6 24.Tac1 Ce4 25.Fxc8 Fxc8 26.Tc4 Fd6 27.Dc2 Cg5 28.Cxg5
Dxg5 29.Te4 Td8 30.Cc4 Ff8 31.Te5 Df6 32.De2 g6 33.d6 Fb7 34.De3 g5 35.f4 
g4 36.Dxc5 Ff3 37.Td2 Dg6 38.Te1 Fg7 39.Dc7 Ff6 40.Ce5 Dh5 41.d7 Rg7 42.
Dc2 Fa8 43.Dd1 Ff3 44.Dc2 Fa8 45.Dc4 a5 46.Cc6 Dg6 47.Td6 Fxc6 48.Dxc6 
Fd4+ 49.Rg2 Dd3 50.De4 1-0

[Event "Amber Blindfold"]
[Site "Monaco MNC"]
[Date "2001.03.20"]
[Round "4"]
[White "Piket, Jeroen"]
[Black "Topalov, Veselin"]
[Result "1/2-1/2"]
[WhiteElo "2632"]
[BlackElo "2718"]
[EventDate "2001.03.17"]

1.d4 Cf6 2.c4 e6 3.Cf3 d5 4.Cc3 Fe7 5.Fg5 h6 6.Fh4 O-O 7.e3 b6 8.Db3 Fb7 
9.Fxf6 Fxf6 10.cxd5 exd5 11.Td1 Te8 12.a3 c6 13.Fd3 Cd7 14.O-O g6 15.Tfe1 
Cf8 16.Fb1 Fg7 17.Fa2 Ce6 18.h3 Dd6 19.e4 Tad8 20.exd5 cxd5 21.Te3 a6 22.
Tde1 b5 23.Fb1 Te7 24.Dd1 Tde8 25.Fa2 h5 26.g3 h4 27.gxh4 Cf4 28.Txe7 Txe7
29.Txe7 Dxe7 30.Dd2 Fh6 31.Rf1 Fc8 32.Cxd5 Fxh3+ 33.Rg1 De6 34.Ce5 Ff5 35.
Rh2 Rg7 36.Cxf4 Dxa2 37.Cf3 f6 38.Rg3 Df7 39.d5 1/2-1/2

[Event "Amber Blindfold"]
[Site "Monaco MNC"]
[Date "2001.03.22"]
[Round "5"]
[White "Topalov, Veselin"]
[Black "Van Wely, Loek"]
[Result "1-0"]
[WhiteElo "2718"]
[BlackElo "2700"]
[EventDate "2001.03.17"]

1.e4 e6 2.d4 d5 3.Cc3 dxe4 4.Cxe4 Cd7 5.Cf3 Cgf6 6.Fg5 Fe7 7.Cxf6+ Fxf6 8.
h4 c5 9.Dd2 cxd4 10.Cxd4 O-O 11.O-O-O h6 12.Fxf6 Cxf6 13.Fe2 e5 14.Cb5 Db6
15.De3 Dxe3+ 16.fxe3 Cg4 17.Fxg4 Fxg4 18.Td5 a6 19.Cd6 Tfd8 20.c4 b6 21.b3
Td7 22.Ce4 Txd5 23.cxd5 f5 24.Cf2 Fh5 25.e4 fxe4 26.Cxe4 Td8 27.Cc3 Rf7 
28.Te1 Rf6 29.Ce4+ Rf5 30.Cg3+ Rg4 31.Cxh5 Rxh5 32.Txe5+ Rxh4 33.Rd2 Rg3 
34.Re3 Rxg2 35.Rf4 Rf2 36.Th5 g5+ 37.Re5 g4 38.Txh6 Tf8 39.d6 g3 40.d7 g2 
41.Tg6 g1=D 42.Txg1 Rxg1 43.Re6 Th8 44.Re7 Th7+ 45.Rd6 Th8 46.Rc7 Rf2 47.
d8=D Txd8 48.Rxd8 Re3 49.Rc7 b5 50.Rb6 Rd4 51.Rxa6 Rc5 52.Ra5 1-0

[Event "Amber Blindfold"]
[Site "Monaco MNC"]
[Date "2001.03.23"]
[Round "6"]
[White "Gelfand, Boris"]
[Black "Topalov, Veselin"]
[Result "1/2-1/2"]
[WhiteElo "2712"]
[BlackElo "2718"]
[EventDate "2001.03.17"]

1.Cf3 c5 2.c4 g6 3.d4 Fg7 4.e4 d6 5.d5 e6 6.Cc3 exd5 7.cxd5 a6 8.Ff4 b5 9.
h3 Cf6 10.Fd3 O-O 11.O-O Te8 12.Te1 Ta7 13.a3 Tae7 14.Dd2 Db6 15.b4 Cbd7 
16.Tac1 Fb7 17.Fh2 c4 18.Fc2 Ce5 19.Cxe5 dxe5 20.De3 Dxe3 21.fxe3 Tb8 22.
a4 Fc8 23.axb5 axb5 24.Ta1 Ce8 25.Ta5 Teb7 26.Fg3 f6 27.Tb1 Ff8 28.Fe1 Fe7
29.Cd1 Fd8 30.Ta3 Fb6 31.Fc3 Te7 32.Tba1 Fb7 33.Rf2 Cd6 34.Re2 f5 35.Fe1 
fxe4 36.Cc3 Fd4 37.exd4 exd4 38.Fg3 d3+ 39.Re1 Td7 40.Fd1 Te8 41.Fxd6 Txd6
42.Ta7 Fxd5 43.Cxb5 Tdd8 44.Cc7 Te5 45.Cxd5 Texd5 46.Te7 Tg5 47.g4 Tb5 48.
Taa7 Txb4 49.Tg7+ Rf8 50.Txh7 Rg8 51.Tag7+ Rf8 52.Tc7 Rg8 53.The7 Tb2 54.
Txc4 Th2 55.Tcxe4 d2+ 56.Rf1 Th1+ 57.Re2 Te1+ 58.Rf2 Txd1 59.Te8+ Txe8 60.
Txe8+ Rg7 1/2-1/2

[Event "Amber Blindfold"]
[Site "Monaco MNC"]
[Date "2001.03.24"]
[Round "7"]
[White "Topalov, Veselin"]
[Black "Ivanchuk, Vassily"]
[Result "1/2-1/2"]
[WhiteElo "2718"]
[BlackElo "2717"]
[EventDate "2001.03.17"]

1.e4 e5 2.Cf3 Cc6 3.Fb5 a6 4.Fa4 Cf6 5.O-O Fe7 6.Te1 b5 7.Fb3 d6 8.c3 O-O 
9.h3 Te8 10.d4 Fb7 11.Cg5 Tf8 12.Cf3 Te8 13.Cbd2 Ff8 14.d5 Cb8 15.Cf1 Cbd7
16.C3h2 Cc5 17.Fc2 c6 18.b4 Ccd7 19.dxc6 Fxc6 20.Fg5 h6 21.Fxf6 Cxf6 22.
Cg4 Cxg4 23.Dxg4 Tc8 24.Fb3 Fd7 25.Df3 Fe6 26.Tac1 Fe7 27.Tc2 a5 28.Dd3 
Fxb3 29.axb3 axb4 30.Ce3 bxc3 31.Txc3 Txc3 32.Dxc3 Fg5 33.Cd5 Dd7 34.Dd3 
Dc6 35.g3 Ta8 36.Rg2 Rf8 37.h4 Fd8 38.Dd2 Db7 39.De2 Dc6 40.Dd2 Db7 41.De2
Dc6 42.Dd2 1/2-1/2